LIBRARY & INFORMATION CENTRE, KCAET, TAVANUR

ONLINE PUBLIC ACCESS CATALOGUE (OPAC)

Applied statistics and probability for engineers / (Record no. 13189)

MARC details
000 -LEADER
fixed length control field 00462cam a2200169ua 4500
041 ## - LANGUAGE CODE
Language code of text/sound track or separate title eng
082 ## - DEWEY DECIMAL CLASSIFICATION NUMBER
Classification number 519.02462
Item number MON/AP
100 ## - MAIN ENTRY--AUTHOR NAME
Personal name Montgomery, Douglas C .
245 ## - TITLE STATEMENT
Title Applied statistics and probability for engineers /
250 ## - EDITION STATEMENT
Edition statement 3 /
260 ## - PUBLICATION, DISTRIBUTION, ETC. (IMPRINT)
Place of publication New Delhi :
Name of publisher Wiley India ,
Year of publication 2007.
300 ## - PHYSICAL DESCRIPTION
Number of Pages 706 ; .
700 1# - ADDED ENTRY--PERSONAL NAME
Personal name Runger , George C .
942 ## - ADDED ENTRY ELEMENTS (KOHA)
Koha item type Books
Holdings
Withdrawn status Lost status Damaged status Home library Current library Date acquired Full call number Accession Number Koha item type
      KAUAET KAUAET 07/04/2012 519.02462 MON/AP 21355 Books
free website counter